[Event "European Blitz 2011"]
[Site "Warsaw POL"]
[Date "2011.12.16"]
[Round "8"]
[White "Azarov, Sergei"]
[Black "Howell, David W L"]
[Result "0-1"]
[WhiteTitle "GM"]
[BlackTitle "GM"]
[WhiteElo "2667"]
[BlackElo "2633"]
[WhiteFideId "13501470"]
[BlackFideId "410608"]
[EventDate "2011.12.16"]

1. e4 e5 2. Nf3 Nc6 3. Bb5 Nf6 4. O-O Nxe4 5. d4 Nd6 6. Bxc6 dxc6 7. dxe5 Nf5 8.
Qxd8+ Kxd8 9. Nc3 Ne7 10. h3 Bf5 11. Nd4 Bg6 12. f4 c5 13. Nf3 Bxc2 14. Be3 b6
15. Rac1 Bg6 16. g4 f5 17. Rfd1+ Kc8 18. e6 Be8 19. Ne5 fxg4 20. hxg4 h5 21. g5
Nf5 22. Bf2 Bd6 23. b4 Bxe5 24. fxe5 Bc6 25. bxc5 b5 26. Nd5 Kb7 27. Nf4 Rae8
28. Rd7 Re7 29. Rcd1 Rhe8 30. R1d6 a5 31. g6 b4 32. Rxe7 Rxe7 33. Rd8 a4 34. Rf8
b3 35. axb3 axb3 36. Nd3 Be4 37. Nb2 Rxe6 38. Kh2 Rxg6 0-1

[Event "European Blitz 2011"]
[Site "Warsaw POL"]
[Date "2011.12.16"]
[Round "8"]
[White "Fedorov, Alexei"]
[Black "Timofeev, Artyom"]
[Result "0-1"]
[WhiteTitle "GM"]
[BlackTitle "GM"]
[WhiteElo "2579"]
[BlackElo "2659"]
[WhiteFideId "13500465"]
[BlackFideId "4140419"]
[EventDate "2011.12.16"]

1. e4 e6 2. d3 c5 3. Nf3 Nc6 4. c3 d5 5. Qe2 Nge7 6. g3 g6 7. Bg2 Bg7 8. O-O h6
9. h4 O-O 10. e5 f6 11. exf6 Rxf6 12. Nh2 Kh7 13. Ng4 Rf8 14. Bf4 Rxf4 15. gxf4
Nf5 16. Nd2 Nxh4 17. Nf3 Nxf3+ 18. Bxf3 Bd7 19. Kg2 Qc7 20. Rh1 Qxf4 21. Qe3 Rf8
22. Qxf4 Rxf4 23. Rae1 b5 24. Re2 a5 25. a3 h5 26. Ree1 Kg8 27. Ne3 Ne5 28. Be2
Bc6 29. d4 cxd4 30. cxd4 Rxd4 31. Rc1 Rd2 32. Bf3 Rxb2 33. Rxc6 Nxc6 34. Nxd5
Nd4 35. Nf4 Nxf3 36. Kxf3 Kf7 37. Rc1 Rb3+ 38. Kg2 Rxa3 39. Rc7+ Kf6 40. Rc6 b4
41. Nxe6 Bh6 42. f4 Kf5 43. Nd4+ Kxf4 44. Rxg6 Ke4 45. Nb5 Ra2+ 46. Kh3 Bf4 0-1

[Event "European Blitz 2011"]
[Site "Warsaw POL"]
[Date "2011.12.16"]
[Round "8"]
[White "Tregubov, Vadim"]
[Black "Socko, Bartosz"]
[Result "0-1"]
[BlackTitle "GM"]
[WhiteElo "2397"]
[BlackElo "2635"]
[WhiteFideId "14119595"]
[BlackFideId "1107038"]
[EventDate "2011.12.16"]

1. e4 e6 2. d4 d5 3. Nc3 Bb4 4. e5 Ne7 5. Bd2 b6 6. a3 Bxc3 7. Bxc3 Ba6 8. Ne2
c5 9. f4 Nbc6 10. Qd2 Nf5 11. Ng3 Nxg3 12. hxg3 Bxf1 13. Rxf1 g6 14. O-O-O h5
15. Qe2 Qc7 16. g4 hxg4 17. Qxg4 O-O-O 18. Qe2 Kb7 19. g4 Rh4 20. Be1 Rh3 21.
dxc5 bxc5 22. f5 gxf5 23. gxf5 Nd4 24. Qg2 Rdh8 25. fxe6 fxe6 26. Bf2 Qxe5 27.
Bxd4 cxd4 28. Rfe1 Re3 29. Qd2 Rc8 30. Kb1 Qe4 31. Rf1 Re2 32. Qb4+ Ka8 33. Rxd4
Qxc2+ 34. Ka2 Rb8 35. Rf8 Qxb2+ 36. Qxb2 Rxb2+ 0-1

[Event "European Blitz 2011"]
[Site "Warsaw POL"]
[Date "2011.12.16"]
[Round "8"]
[White "Howell, David W L"]
[Black "Azarov, Sergei"]
[Result "0-1"]
[WhiteTitle "GM"]
[BlackTitle "GM"]
[WhiteElo "2633"]
[BlackElo "2667"]
[WhiteFideId "410608"]
[BlackFideId "13501470"]
[EventDate "2011.12.16"]

1. e4 c5 2. c3 d6 3. d4 Nf6 4. Bd3 Qc7 5. h3 g6 6. Nf3 Bg7 7. e5 dxe5 8. dxe5
Nd5 9. Bxg6 hxg6 10. Qxd5 Be6 11. Qe4 Nc6 12. Bf4 Bf5 13. Qe3 Qb6 14. b3 Rd8 15.
O-O Rd3 16. Qe2 c4 17. bxc4 O-O 18. Nbd2 Rfd8 19. Ne4 Qc7 20. Ng3 Be6 21. Qe4
Na5 22. Nd4 Qxc4 23. Nxe6 Qxe6 24. Qb4 b6 25. Rfe1 Nc4 26. Ne4 a5 27. Qb5 Qd5
28. Qb3 Nxe5 29. Qxb6 Nc4 30. Qb3 Qc6 31. Bg3 a4 32. Qb4 Qd7 33. Kh2 Qc6 34.
Rab1 a3 35. Qb3 Qd5 36. Re2 e6 37. Bh4 Rc8 38. Nf6+ Bxf6 39. Bxf6 Qf5 40. Bd4
Nd2 41. Rxd2 Rxd2 42. Rf1 Qf4+ 43. Kg1 Qe4 44. Qxa3 e5 45. Qe7 Re2 46. Bc5 Rxa2
47. Bb4 Raa8 48. Qf6 Rc6 49. Qg5 Qf5 50. Qe3 Re8 51. Rd1 Rcc8 52. g3 Qxh3 53.
Bd6 Rcd8 54. c4 e4 55. c5 Re5 56. g4 Qxg4+ 57. Qg3 Qxd1+ 0-1

[Event "European Blitz 2011"]
[Site "Warsaw POL"]
[Date "2011.12.16"]
[Round "9"]
[White "Neiksans, Arturs"]
[Black "Howell, David W L"]
[Result "1-0"]
[WhiteTitle "IM"]
[BlackTitle "GM"]
[WhiteElo "2502"]
[BlackElo "2633"]
[WhiteFideId "11601388"]
[BlackFideId "410608"]
[EventDate "2011.12.16"]

1. e4 e5 2. Nf3 Nc6 3. Bb5 Nf6 4. O-O Nxe4 5. d4 Nd6 6. Bg5 Be7 7. Bxe7 Qxe7 8.
Bxc6 bxc6 9. dxe5 Nf5 10. Qd3 Nh4 11. Nxh4 Qxh4 12. Nc3 O-O 13. f4 f6 14. Rae1
fxe5 15. fxe5 Re8 16. Re4 Qe7 17. Nd5 Qc5+ 18. Ne3 Rb8 19. Kh1 Rb4 20. Rxb4 Qxb4
21. Nf5 Qg4 1-0

[Event "European Blitz 2011"]
[Site "Warsaw POL"]
[Date "2011.12.16"]
[Round "9"]
[White "Gabrielian, Artur"]
[Black "Azarov, Sergei"]
[Result "0-1"]
[WhiteTitle "GM"]
[BlackTitle "GM"]
[WhiteElo "2545"]
[BlackElo "2667"]
[WhiteFideId "4131002"]
[BlackFideId "13501470"]
[EventDate "2011.12.16"]

1. e4 e5 2. f4 Bc5 3. Nf3 d6 4. c3 Bg4 5. h3 Bxf3 6. Qxf3 Nf6 7. Bc4 Nc6 8. b4
Bb6 9. d3 Qe7 10. a4 a6 11. a5 Ba7 12. f5 h6 13. Nd2 Rd8 14. Bd5 Nb8 15. Nf1 c6
16. Bb3 d5 17. Ba3 O-O 18. g4 c5 19. Bxd5 Nxd5 20. exd5 e4 21. dxe4 Rxd5 22. Rd1
Rxd1+ 23. Kxd1 Nc6 24. bxc5 Bxc5 25. Bxc5 Qxc5 26. Nd2 Rd8 27. Ke2 Ne5 28. Qe3
Qb5+ 29. c4 Nxc4 30. Nxc4 Qxc4+ 31. Kf2 Qc2+ 0-1

[Event "European Blitz 2011"]
[Site "Warsaw POL"]
[Date "2011.12.16"]
[Round "9"]
[White "Banusz, Tamas"]
[Black "Timofeev, Artyom"]
[Result "0-1"]
[WhiteTitle "GM"]
[BlackTitle "GM"]
[WhiteElo "2563"]
[BlackElo "2659"]
[WhiteFideId "722413"]
[BlackFideId "4140419"]
[EventDate "2011.12.16"]

1. Nf3 c5 2. c4 Nc6 3. d4 cxd4 4. Nxd4 e6 5. Nc3 Nf6 6. a3 Be7 7. e4 O-O 8. Nf3
Qa5 9. Bd3 d5 10. exd5 exd5 11. cxd5 Nxd5 12. Bd2 Nf6 13. O-O Qh5 14. h3 Be6 15.
Bf4 Rad8 16. Qe2 Bc5 17. b4 Nd4 18. Nxd4 Bxd4 19. Rac1 Qxe2 20. Bxe2 Bxc3 21.
Rxc3 Nd5 22. Rc4 b5 23. Rd4 Nc3 0-1

[Event "European Blitz 2011"]
[Site "Warsaw POL"]
[Date "2011.12.16"]
[Round "10"]
[White "Swiercz, Dariusz"]
[Black "Azarov, Sergei"]
[Result "1-0"]
[WhiteTitle "GM"]
[BlackTitle "GM"]
[WhiteElo "2584"]
[BlackElo "2667"]
[WhiteFideId "1126881"]
[BlackFideId "13501470"]
[EventDate "2011.12.16"]

1. e4 e5 2. Nf3 Nc6 3. Bb5 f5 4. Nc3 fxe4 5. Nxe4 Nf6 6. Qe2 d5 7. Nxf6+ gxf6 8.
d4 Bg7 9. O-O O-O 10. c3 Bg4 11. h3 Bh5 12. Qe3 e4 13. Ne1 Ne7 14. Nc2 f5 15.
Qg5 Bg6 16. Bf4 c6 17. Be2 Bf6 18. Qg3 Kh8 19. Ne3 Qd7 20. f3 Rae8 21. fxe4 fxe4
22. Bg4 Qd8 23. Bc7 Qa8 24. Rxf6 Rxf6 25. Be5 Rf8 26. Rf1 Ng8 27. Be6 Qd8 28.
Ng4 e3 29. Bxg8 e2 30. Rxf6 Kxg8 31. Nh6+ Kg7 32. Nf5+ Kg8 33. Nh6+ Kg7 34.
Rxg6# 1-0

[Event "European Blitz 2011"]
[Site "Warsaw POL"]
[Date "2011.12.16"]
[Round "10"]
[White "Socko, Bartosz"]
[Black "Wojtaszek, Radoslaw"]
[Result "1-0"]
[WhiteTitle "GM"]
[BlackTitle "GM"]
[WhiteElo "2635"]
[BlackElo "2705"]
[WhiteFideId "1107038"]
[BlackFideId "1118358"]
[EventDate "2011.12.16"]

1. e4 c5 2. Nf3 d6 3. d4 cxd4 4. Nxd4 Nf6 5. Nc3 a6 6. Be3 e5 7. Nf3 Be7 8. Bc4
O-O 9. O-O Qc7 10. Bb3 Be6 11. Qd3 Rc8 12. Rfd1 Nbd7 13. Ng5 Bc4 14. Bxc4 Qxc4
15. Nf3 b5 16. a3 Qxd3 17. Rxd3 Nc5 18. Bxc5 Rxc5 19. Rad1 Rac8 20. Nd2 g6 21.
Nb3 Rc4 22. f3 h5 23. g3 Kg7 24. Kf2 h4 25. g4 Ne8 26. Na1 Bg5 27. h3 Kf8 28.
Ke1 Kg7 29. Ke2 Bf4 30. Rf1 Kf8 31. Kd1 Bg5 32. Nd5 Rd8 33. Nb3 Rcc8 34. Na5 Ra8
35. c3 Ng7 36. Kc2 Ne6 37. b4 Re8 38. Rfd1 Bd8 39. Nb3 Ng5 40. Rh1 Kg7 41. Kb2
Rc8 42. Nc1 Rf8 43. Ne2 f5 44. gxf5 gxf5 45. exf5 Rxf5 46. f4 Ne6 47. Rg1+ Kh8
48. fxe5 Rxe5 49. Nef4 Kh7 50. Nxe6 Rxe6 51. Nf4 Re4 52. Rg4 Bf6 53. Nd5 Re2+
54. Kb3 Be5 55. Rf3 Re8 1-0

[Event "European Blitz 2011"]
[Site "Warsaw POL"]
[Date "2011.12.16"]
[Round "10"]
[White "Nepomniachtchi, Ian"]
[Black "Timofeev, Artyom"]
[Result "0-1"]
[WhiteTitle "GM"]
[BlackTitle "GM"]
[WhiteElo "2730"]
[BlackElo "2659"]
[WhiteFideId "4168119"]
[BlackFideId "4140419"]
[EventDate "2011.12.16"]

1. e4 e6 2. d4 d5 3. Nc3 Nc6 4. Nf3 Nf6 5. e5 Ne4 6. Bd3 Bb4 7. O-O Nxc3 8. bxc3
Bxc3 9. Rb1 h6 10. Ba3 a5 11. Bb5 Bd7 12. Qd3 Bb4 13. Bc1 Be7 14. c3 O-O 15. Qe2
a4 16. Bd3 Na5 17. Bc2 f6 18. exf6 Rxf6 19. Qd3 Rf5 20. Re1 Nc4 21. Rxb7 Bd6 22.
Ne5 Bxe5 23. dxe5 Bc6 24. Rb4 Qh4 25. Qd4 Qxd4 26. cxd4 Rff8 27. Bb2 Rfb8 28.
Bc3 Rxb4 29. Bxb4 a3 30. Rb1 Kf7 31. Bc5 g5 32. h3 Ke8 33. Rb3 Ba4 34. Bg6+ Kd7
35. Rf3 Ra6 36. Bxa3 Bd1 37. Rf7+ Kc8 38. Bc5 Rxa2 39. Rf6 Ra6 40. Bf7 Kd7 41.
Rxh6 Bc2 42. Rh5 Nd2 43. f3 Nb3 44. Bf8 Nxd4 45. Rxg5 Nf5 46. g4 Nh4 47. Rg7
Nxf3+ 48. Kf2 Nxe5 49. Bg6+ Kc6 50. Be8+ Kb7 51. Bb5 Ra5 52. Be2 Ra2 53. Bd6 Bd3
54. Rxc7+ Kb6 55. Re7 Rxe2+ 56. Kg3 Nc6 57. Re8 e5 58. h4 d4 0-1

[Event "European Blitz 2011"]
[Site "Warsaw POL"]
[Date "2011.12.16"]
[Round "10"]
[White "Fedorov, Alexei"]
[Black "Melkumyan, Hrant"]
[Result "0-1"]
[WhiteTitle "GM"]
[BlackTitle "GM"]
[WhiteElo "2579"]
[BlackElo "2615"]
[WhiteFideId "13500465"]
[BlackFideId "13302485"]
[EventDate "2011.12.16"]

1. e4 e5 2. Nf3 Nc6 3. Bb5 Nf6 4. Qe2 Bd6 5. c3 O-O 6. d3 Re8 7. Nbd2 a6 8. Ba4
b5 9. Bc2 Bb7 10. Nf1 Be7 11. Ng3 d5 12. O-O h6 13. Nh4 b4 14. Nhf5 Bf8 15. Ba4
Re6 16. Bd2 a5 17. Rfd1 Ne7 18. Nxe7+ Bxe7 19. Nh5 Nxh5 20. Qxh5 c5 21. Be3 Rg6
22. f3 Qc7 23. c4 d4 24. Bd2 Kh7 25. Kh1 Bg5 26. Bxg5 Rxg5 27. Qh4 Rf8 28. Re1
f5 29. exf5 Rfxf5 30. Qf2 Qf7 31. Bd1 Rf4 32. h3 Qg6 33. Be2 Rg3 34. Bf1 Rgxf3
35. Qg1 Rxh3+ 0-1

[Event "European Blitz 2011"]
[Site "Warsaw POL"]
[Date "2011.12.16"]
[Round "10"]
[White "Riazantsev, Alexander"]
[Black "Andriasian, Zaven"]
[Result "0-1"]
[WhiteTitle "GM"]
[BlackTitle "GM"]
[WhiteElo "2710"]
[BlackElo "2619"]
[WhiteFideId "4125029"]
[BlackFideId "13302000"]
[EventDate "2011.12.16"]

1. d4 d5 2. c4 c6 3. Nc3 Nf6 4. e3 g6 5. Nf3 Bg7 6. Be2 O-O 7. O-O Nbd7 8. b4 b6
9. a4 Bb7 10. Ba3 Re8 11. Qb3 Rc8 12. Rfc1 e6 13. cxd5 exd5 14. Bb2 Qe7 15. a5
Rcd8 16. axb6 axb6 17. Ra7 Rb8 18. Ba3 b5 19. Nd1 Ne4 20. Rc2 Nb6 21. Rxc6 Bxc6
22. Rxe7 Rxe7 23. Ne5 Be8 24. Nd3 Nc4 25. Nc3 Ra7 26. Bc1 Nxc3 27. Qxc3 Rba8 28.
h4 Ra1 29. Kh2 Bd7 30. Bf3 Bf5 31. Bxd5 R8a2 32. Bxc4 bxc4 33. Bb2 cxd3 34. Bxa1
d2 0-1

[Event "European Blitz 2011"]
[Site "Warsaw POL"]
[Date "2011.12.16"]
[Round "11"]
[White "Nepomniachtchi, Ian"]
[Black "Wojtaszek, Radoslaw"]
[Result "0-1"]
[WhiteTitle "GM"]
[BlackTitle "GM"]
[WhiteElo "2730"]
[BlackElo "2705"]
[WhiteFideId "4168119"]
[BlackFideId "1118358"]
[EventDate "2011.12.16"]

1. e4 c5 2. Nf3 d6 3. d4 cxd4 4. Nxd4 Nf6 5. Nc3 a6 6. Be2 e5 7. Nb3 Be7 8. O-O
O-O 9. a4 Be6 10. Re1 Nbd7 11. Bf3 Qc7 12. Nd2 Qa5 13. Nf1 b5 14. Ne3 b4 15. Nb1
Rfe8 16. Nd2 Rac8 17. b3 Nc5 18. Ndc4 Qc7 19. Nd5 Bxd5 20. exd5 Qb7 21. Be2 e4
22. Na5 Qxd5 23. Be3 Qe6 24. Qd2 d5 25. Red1 Ncd7 26. Bd4 Bc5 27. c4 Qb6 28.
cxd5 Qxa5 29. d6 Rcd8 30. Qg5 Bb6 31. Qxa5 Bxa5 32. Bxa6 Re6 33. Be3 Nb8 34. Bb5
Rexd6 35. Rxd6 Rxd6 36. Bf4 Rd8 37. Rc1 Nd5 38. Bg5 f6 39. Bh4 Nc3 40. Bc4+ Kh8
41. g4 Nc6 42. Kg2 Nd4 43. Ra1 Nf3 44. Bg3 Nd2 45. Be6 h6 46. h4 Re8 47. Bf7 Re7
48. Bg6 Nxb3 49. Rh1 Bc7 50. g5 Kg8 0-1

[Event "European Blitz 2011"]
[Site "Warsaw POL"]
[Date "2011.12.16"]
[Round "11"]
[White "Lintchevski, Daniil"]
[Black "Timofeev, Artyom"]
[Result "0-1"]
[WhiteTitle "GM"]
[BlackTitle "GM"]
[WhiteElo "2575"]
[BlackElo "2659"]
[WhiteFideId "4171055"]
[BlackFideId "4140419"]
[EventDate "2011.12.16"]

1. d4 d5 2. c4 dxc4 3. Nf3 Nf6 4. e3 e6 5. Bxc4 a6 6. O-O c5 7. dxc5 Bxc5 8.
Qxd8+ Kxd8 9. b3 Ke7 10. Bb2 Nbd7 11. Nbd2 b5 12. Be2 Bb7 13. a4 bxa4 14. Rxa4
Nb6 15. Ra2 a5 16. Rfa1 Bb4 17. Ba3 Nfd7 18. Nd4 Nd5 19. Bf3 Ne5 20. Bxd5 Bxd5
21. Bxb4+ axb4 22. e4 Rxa2 23. Rxa2 Ra8 24. Rxa8 Bxa8 25. f3 Kd6 26. Kf2 Kc5 27.
Ke3 g5 28. Ne2 Bc6 29. Nd4 Bb7 30. h3 Ba6 31. g3 Nd3 32. Nc2 e5 33. Na1 f6 34.
Nc2 h5 35. h4 gxh4 36. gxh4 Nf4 37. Kf2 Bd3 38. Ne1 Kd4 39. Nxd3 Nxd3+ 40. Kf1
Kc3 41. Ke2 Nc1+ 0-1

[Event "European Blitz 2011"]
[Site "Warsaw POL"]
[Date "2011.12.16"]
[Round "11"]
[White "Bacrot, Etienne"]
[Black "Fedorov, Alexei"]
[Result "0-1"]
[WhiteTitle "GM"]
[BlackTitle "GM"]
[WhiteElo "2714"]
[BlackElo "2579"]
[WhiteFideId "605506"]
[BlackFideId "13500465"]
[EventDate "2011.12.16"]

1. g3 g6 2. Bg2 Bg7 3. d4 c5 4. dxc5 Qa5+ 5. Bd2 Qxc5 6. Nc3 Nf6 7. e4 O-O 8.
Nge2 d6 9. O-O Nc6 10. h3 Bd7 11. Be3 Qa5 12. g4 b5 13. Ng3 b4 14. Nce2 h5 15.
g5 Nh7 16. Qc1 Rfc8 17. f4 Nf8 18. f5 h4 19. f6 hxg3 20. fxg7 Ne6 21. Nxg3 Rc7
22. Rf2 Rac8 23. a3 b3 24. c3 Ne5 25. Qd1 Nc4 26. Bd4 Qxg5 27. Qf3 f6 28. Bf1
Nxd4 29. cxd4 Nd2 30. Qd3 Rc2 31. Rg2 Qf4 32. Rd1 Nf3+ 33. Kh1 Bxh3 34. Re2 Qxg3
35. Qxb3+ Kxg7 0-1

[Event "European Blitz 2011"]
[Site "Warsaw POL"]
[Date "2011.12.16"]
[Round "12"]
[White "Wojtaszek, Radoslaw"]
[Black "Vovk, Yuri"]
[Result "1-0"]
[WhiteTitle "GM"]
[BlackTitle "GM"]
[WhiteElo "2705"]
[BlackElo "2571"]
[WhiteFideId "1118358"]
[BlackFideId "14113171"]
[EventDate "2011.12.16"]

1. d4 Nf6 2. c4 e6 3. Nf3 c5 4. d5 b5 5. dxe6 fxe6 6. cxb5 d5 7. e3 Bd6 8. b3 a6
9. Bb2 O-O 10. Nbd2 Qa5 11. bxa6 Nc6 12. Be2 Bxa6 13. O-O e5 14. Bxa6 Qxa6 15.
Nc4 Rad8 16. Ncxe5 Ne7 17. Qc2 Ne4 18. Rad1 Bb8 19. Nd2 Qe2 20. Qd3 Rxf2 21.
Qxe2 Rxe2 22. Nxe4 Rxb2 23. Nd3 Rxa2 24. Nexc5 g6 25. Nb4 Ra5 26. Nb7 Bc7 27.
Nxd8 Bxd8 28. Rd3 Bb6 29. Rfd1 Rb5 30. Nc2 Nf5 31. g4 Nh4 32. Kf2 Bc7 33. b4 Rb6 1-0

[Event "European Blitz 2011"]
[Site "Warsaw POL"]
[Date "2011.12.16"]
[Round "12"]
[White "Vovk, Yuri"]
[Black "Wojtaszek, Radoslaw"]
[Result "0-1"]
[WhiteTitle "GM"]
[BlackTitle "GM"]
[WhiteElo "2571"]
[BlackElo "2705"]
[WhiteFideId "14113171"]
[BlackFideId "1118358"]
[EventDate "2011.12.16"]

1. d4 Nf6 2. c4 e6 3. Nf3 c5 4. e3 d5 5. Nc3 Nc6 6. a3 a6 7. Bd3 dxc4 8. Bxc4
cxd4 9. exd4 Be7 10. O-O O-O 11. Re1 b5 12. Ba2 Bb7 13. Bg5 b4 14. Na4 bxa3 15.
bxa3 Nd5 16. Bxd5 Bxg5 17. Be4 Na5 18. Bxb7 Nxb7 19. Rb1 Nd6 20. d5 exd5 21.
Qxd5 Bf6 22. Rbd1 Nb5 23. Qb3 Qc7 24. Rc1 Qd6 25. Nc5 Rac8 26. Ne4 Qxa3 27. Qxa3
Nxa3 28. Nxf6+ gxf6 29. Rcd1 Rfd8 30. g4 a5 31. Nh4 Rxd1 32. Rxd1 Ra8 33. Nf5 a4
34. Rd7 Nc2 35. Nh6+ Kg7 36. Nf5+ Kf8 37. Nh6 a3 38. Rxf7+ Ke8 39. Rxh7 Ra6 40.
Nf5 a2 0-1

[Event "European Blitz 2011"]
[Site "Warsaw POL"]
[Date "2011.12.16"]
[Round "12"]
[White "Riazantsev, Alexander"]
[Black "Gabrielian, Artur"]
[Result "1-0"]
[WhiteTitle "GM"]
[BlackTitle "GM"]
[WhiteElo "2710"]
[BlackElo "2545"]
[WhiteFideId "4125029"]
[BlackFideId "4131002"]
[EventDate "2011.12.16"]

1. d4 Nf6 2. c4 e6 3. Nf3 d5 4. Nc3 c5 5. cxd5 exd5 6. Bg5 Be7 7. dxc5 O-O 8. e3
h6 9. Bh4 Nbd7 10. Rc1 Nxc5 11. Bxf6 Bxf6 12. Nxd5 Ne4 13. Nxf6+ Qxf6 14. Qd4
Qe7 15. Bd3 Bf5 16. Bxe4 Bxe4 17. O-O Bxf3 18. gxf3 Rfd8 19. Qf4 Rac8 20. Qf5
Rc7 21. Rfd1 Rxc1 22. Rxc1 g6 23. Qf4 h5 24. Rc7 Rd7 1-0

[Event "European Blitz 2011"]
[Site "Warsaw POL"]
[Date "2011.12.16"]
[Round "13"]
[White "Sjugirov, Sanan"]
[Black "Kempinski, Robert"]
[Result "1/2-1/2"]
[WhiteTitle "GM"]
[BlackTitle "GM"]
[WhiteElo "2622"]
[BlackElo "2603"]
[WhiteFideId "4189302"]
[BlackFideId "1105663"]
[EventDate "2011.12.16"]

1. e4 c5 2. Nf3 d6 3. c3 Nf6 4. Be2 Bd7 5. Qc2 Nc6 6. O-O Rc8 7. Re1 e6 8. Bf1
Be7 9. Qb3 Qc7 10. d4 Na5 11. Qd1 cxd4 12. Nxd4 O-O 13. Bg5 h6 14. Bh4 Nc4 15.
Bxc4 Qxc4 16. Nd2 Qa6 17. N2f3 Rfd8 18. e5 dxe5 19. Nxe5 Be8 20. Qf3 Nd5 21.
Bxe7 Nxe7 22. Qg3 Qd6 23. Nef3 Qxg3 24. hxg3 Nc6 25. Rad1 Na5 26. Ne5 f6 27.
Nef3 e5 28. Nf5 Kf8 29. Nd6 Rc6 30. Nxe8 Rxd1 31. Rxd1 Kxe8 32. Nh4 Nc4 33. Nf5
g6 34. Nxh6 Nxb2 35. Rb1 Nd3 36. Rxb7 Rxc3 37. Ng4 f5 38. Nf6+ Kd8 39. f3 Ra3
40. Rd7+ Kc8 41. Rg7 Rxa2 42. Rxg6 Ra1+ 43. Kh2 Nf2 44. g4 f4 45. Rg8+ Kb7 46.
g3 a5 47. gxf4 exf4 48. Rg7+ Ka6 49. Nd5 a4 50. Nxf4 a3 51. Rg6+ Kb5 52. Rg8 a2
53. Ra8 Nd1 54. Ne2 1/2-1/2

[Event "European Blitz 2011"]
[Site "Warsaw POL"]
[Date "2011.12.16"]
[Round "13"]
[White "Wojtaszek, Radoslaw"]
[Black "Melkumyan, Hrant"]
[Result "1-0"]
[WhiteTitle "GM"]
[BlackTitle "GM"]
[WhiteElo "2705"]
[BlackElo "2615"]
[WhiteFideId "1118358"]
[BlackFideId "13302485"]
[EventDate "2011.12.16"]

1. d4 Nf6 2. c4 g6 3. g3 c6 4. Bg2 d5 5. Qb3 Bg7 6. Nf3 O-O 7. O-O Qb6 8. Nc3
dxc4 9. Qxc4 Be6 10. Qa4 Na6 11. Rd1 Rfd8 12. h3 c5 13. dxc5 Nxc5 14. Rxd8+ Rxd8
15. Qa3 Nfe4 16. Be3 Nxc3 17. bxc3 Rc8 18. Ng5 Qc7 19. Qxa7 Bc4 20. Rb1 b5 21.
Qxc7 Rxc7 22. Rd1 Bxc3 23. Bxc5 Bxa2 24. Ne4 Bg7 25. Rd8+ Bf8 26. Nf6+ Kg7 27.
Ne8+ 1-0

[Event "European Blitz Playoff 2011"]
[Site "Warsaw POL"]
[Date "2011.12.16"]
[Round "1"]
[White "Wojtaszek, Radoslaw"]
[Black "Melkumyan, Hrant"]
[Result "0-1"]
[WhiteTitle "GM"]
[BlackTitle "GM"]
[WhiteElo "2705"]
[BlackElo "2615"]
[WhiteFideId "1118358"]
[BlackFideId "13302485"]
[EventDate "2011.12.16"]

1. c4 g6 2. Nc3 c5 3. Nf3 Bg7 4. g3 Nc6 5. Bg2 e6 6. O-O Nge7 7. a3 O-O 8. Rb1
a5 9. d3 d5 10. Bg5 h6 11. Bd2 b6 12. Nb5 Bb7 13. Qa4 Qd7 14. Nc3 Rfd8 15. Qb3
dxc4 16. Qxb6 cxd3 17. exd3 Nd4 18. Nxd4 Bxg2 19. Kxg2 Qxd4 20. Be3 Qd7 21. Qxc5
Nf5 22. Rfd1 Rdc8 23. Qb5 Qxb5 24. Nxb5 Nxe3+ 25. fxe3 Rc2+ 26. Kf3 Bxb2 27. a4
Rxh2 28. d4 Rc8 29. Rh1 Rd2 30. Rxh6 Rcc2 31. Rbh1 Kg7 32. Nd6 Rf2+ 33. Kg4 Ba3
34. Rh7+ Kf8 35. Rh8+ Ke7 36. Nb5 Bb4 37. Rb8 Kf6 38. Rh7 g5 39. Rb7 Kg6 0-1